Statistics for Asian Countries from Turkish to English

Click here to take the quiz!

General Stats

  • This quiz has been taken 170 times
    (153 since last reset)
  • The average score is 35 of 39

Answer Stats

TürkçeEnglish% Correct
AfganistanAfghanistan
100%
AzerbaycanAzerbaijan
98%
EndonezyaIndonesia
96%
IrakIraq
96%
JaponyaJapan
96%
BahreynBahrain
95%
BangladeşBangladesh
95%
KatarQatar
95%
Birleşik Arap
Emirlikleri
United Arab
Emirates
95%
KazakistanKazakhstan
94%
İsrailIsrael
93%
ÇinChina
92%
HindistanIndia
92%
FilipinlerPhilippines
92%
LübnanLebanon
91%
MaldivlerMaldives
91%
TürkiyeTurkey
91%
ÖzbekistanUzbekistan
91%
Doğu TimorEast Timor
90%
KırgızistanKyrgyzstan
90%
MoğolistanMongolia
90%
Suudi ArabistanSaudi Arabia
89%
KuveytKuwait
88%
SingapurSingapore
88%
SuriyeSyria
88%
TayvanTaiwan
88%
TaylandThailand
88%
KamboçyaCambodia
87%
MalezyaMalaysia
87%
Kuzey KoreNorth Korea
86%
UmmanOman
86%
TacikistanTajikistan
86%
Güney KoreSouth Korea
85%
ErmenistanArmenia
83%
KıbrısCyprus
82%
GürcistanGeorgia
72%
FilistinPalestine
72%
BirmanyaBurma
70%
ÜrdünJordan
66%

Score Distribution

Percentile by Number Answered

Percent of People with Each Score

Your Score History

You have not taken this quiz since the last reset